000 00441nam a2200181Ia 4500
001 10261
005 20260306161819.0
008 260306t1946||||xx |||||||||||||| ||spa||
041 _aESP
082 _a910.4
_bG24
100 _aGarcía Sanchíz, Federico
_eAUT
245 0 _aLas soluciones:
_bRusia, Roma, España
260 _c1946
300 _a202 páginas :
_c19 cm.
650 _aGEN
654 _aCHU
942 _cLIB
_dJUS
_fJUS
_2ddc
_n
999 _c10261
_d10261